Algeria : (Record no. 75119)
[ view plain ]
| 000 -LEADER | |
|---|---|
| fixed length control field | 00911nam a2200289 a 4500 |
| 001 - CONTROL NUMBER | |
| control field | 75119 |
| 003 - CONTROL NUMBER IDENTIFIER | |
| rucl marc code | BD-RjUL |
| 005 - DATE AND TIME OF LATEST TRANSACTION | |
| control field | 20211209082642.0 |
| 008 - FIXED-LENGTH DATA ELEMENTS--GENERAL INFORMATION | |
| fixed length control field | 190122s1966 enka 000 0 eng |
| 035 ## - SYSTEM CONTROL NUMBER | |
| System control number | OCLC ocm00781012 from D951106M |
| System control number | (BD-RjUL)75337 |
| 040 ## - CATALOGING SOURCE | |
| Original cataloging agency | WOO |
| Modifying agency | ABC |
| -- | UKM |
| -- | EQO |
| Language of cataloging | eng |
| Transcribing agency | BD-RjUL |
| 041 ## - LANGUAGE CODE | |
| Language code of text/sound track or separate title | eng |
| 082 ## - DEWEY DECIMAL CLASSIFICATION NUMBER | |
| Edition number | 23 |
| Classification number | 965.04 |
| Author mark and year | HUA 1966 |
| 090 ## - LOCALLY ASSIGNED LC-TYPE CALL NUMBER (OCLC); LOCAL CALL NUMBER (OCLC) | |
| Classification number (OCLC) (R) ; Classification number, CALL (RLIN) (NR) | DT295 |
| Local cutter number (OCLC) ; Book number/undivided call number, CALL (RLIN) | .H8 |
| 092 ## - LOCALLY ASSIGNED DEWEY CALL NUMBER (OCLC) | |
| Classification number | D0503219233 |
| 100 1# - MAIN ENTRY--PERSONAL NAME | |
| Personal name | Humbaraci, Arslan, |
| Dates associated with a name | 1921- |
| 9 (RLIN) | 227259 |
| 245 10 - TITLE STATEMENT | |
| Title | Algeria : |
| Remainder of title | a revolution that failed : a political history since 1954 / |
| Statement of responsibility, etc. | Arslan Humbaraci |
| 260 ## - PUBLICATION, DISTRIBUTION, ETC. (IMPRINT) | |
| Place of publication, distribution, etc. | New York; |
| -- | London: |
| Name of publisher, distributor, etc. | Pall Mall P, |
| Date of publication, distribution, etc. | 1966 |
| 300 ## - PHYSICAL DESCRIPTION | |
| Pagination | xvii, 308 p. : |
| Illustrations | ill., maps ; |
| Size | 23 cm |
| 490 1# - SERIES STATEMENT | |
| Series statement | [A World affairs special] |
| 504 ## - BIBLIOGRAPHY, ETC. NOTE | |
| Bibliography, etc | Bibliography: p. 296-298 |
| 651 #0 - SUBJECT ADDED ENTRY--GEOGRAPHIC NAME | |
| Geographic name | Algeria |
| General subdivision | History |
| Chronological subdivision | 1945-1962 |
| 9 (RLIN) | 227260 |
| 830 #3 - SERIES ADDED ENTRY--UNIFORM TITLE | |
| Uniform title | [A World affairs special] |
| 942 ## - ADDED ENTRY ELEMENTS (KOHA) | |
| Source of classification or shelving scheme | Dewey Decimal Classification |
| Koha item type | Books |
| Lost status | Source of classification or shelving scheme | Damaged status | Not for loan | Collection code | Permanent Location | Current Location | Shelving location | Date acquired | Source of acquisition | Cost, normal purchase price | Total Checkouts | Full call number | Date last seen | Copy number | Koha item type |
|---|---|---|---|---|---|---|---|---|---|---|---|---|---|---|---|
| Dewey Decimal Classification | Not For Loan | Non-fiction | Central Library, University of Rajshahi | Central Library, University of Rajshahi | Reading Room | 30/05/1968 | Swets & zeitlinger | 50.00 | 965.04 HUA 1966 | 22/01/2019 | C-1 | Books |